La copa dorada / (Record no. 84169)

MARC details
000 -LEADER
campo de control de longitud fija 00692nam a2200229 i 4500
001 - NÚMERO DE CONTROL
campo de control 84169
003 - IDENTIFICADOR DE NÚMERO DE CONTROL
campo de control ES-MaACL
005 - FECHA Y HORA DE LA ÚLTIMA TRANSACCIÓN
campo de control 20250910063108.0
007 - CAMPO FIJO DE DESCRIPCIÓN FÍSICA--INFORMACIÓN GENERAL
campo de control de longitud fija t|
008 - DATOS DE LONGITUD FIJA--INFORMACIÓN GENERAL
campo de control de longitud fija 041119s1981 sp ||||1| spa d
100 1# - ENTRADA PRINCIPAL--NOMBRE DE PERSONA
Nombre de persona James, Henry,
Fechas asociadas al nombre 1843-1916
9 (RLIN) 242228
245 13 - MENCIÓN DEL TÍTULO
Título La copa dorada /
Mención de responsabilidad, etc. Henry James ; traducción de Andrés Bosch Vilalta.
250 ## - MENCION DE EDICION
Mención de edición [1ª ed.].
260 ## - PUBLICACIÓN, DISTRIBUCIÓN, ETC.
Lugar de publicación, distribución, etc. [Barcelona] :
Nombre del editor, distribuidor, etc. Planeta,
Fecha de publicación, distribución, etc. [1981]
300 ## - DESCRIPCIÓN FÍSICA
Extensión 561 p. ;
Dimensiones 20 cm.
490 1# - MENCIÓN DE SERIE
Mención de serie Narrativa ;
Designación de volumen o secuencia 43
700 1# - ENTRADA AGREGADA--NOMBRE PERSONAL
Nombre de persona Bosch, Andrés,
Fechas asociadas al nombre 1926-1984
9 (RLIN) 160182
830 0# - PUNTO DE ACCESO ADICIONAL DE SERIE-TÍTULO UNIFORME
Título uniforme Narrativa ;
Designación de volumen o secuencia 43
9 (RLIN) 177839
852 ## - LOCALIZACIÓN
Ubicación ES-MaACL
Número de control de estantería L-3924
Sublocalización o colección R.104497
852 ## - LOCALIZACIÓN
Ubicación ES-MaACL
Número de control de estantería L-7338
Sublocalización o colección R.107322
Holdings
Estatus retirado Estado de pérdida Estado de daño No para préstamo Biblioteca de origen Biblioteca actual Ubicación en estantería Fecha de adquisición Fuente de adquisición Total de préstamos Signatura topográfica completa Código de barras Visto por última vez Precio de reemplazo Tipo de ítem Koha
        Biblioteca del Ateneo de Madrid Biblioteca del Ateneo de Madrid Depósito 2 17/01/2008     L-7338 1087967 23/02/2023 23/02/2023 Libro impreso
        Biblioteca del Ateneo de Madrid Biblioteca del Ateneo de Madrid Depósito 2 17/01/2008     L-3924 1087966 23/02/2023 23/02/2023 Libro impreso